000 00901cam a2200205 4500
001 ABS67206
008 031021n2003 000 0 eng u
035 _a(Sirsi) u123959
100 _aTinworth, A.
245 _aExperts in their field
260 _c2003
490 _aEstates Gazette
_v(0341) 11 October 2003, 169-171(3)
520 _aExamines FPDSavills' expansion into rural practice and their acquisition of Smith-Woolley's estate management business in Norwich and how this has affected the work of the practice. The main benefit has been a wider range of resources and back-up for their work. Dispels the idea of rural practitioners as cheery, red-cheeked old chaps in wellies and green Barbour jackets.
590 _aABS
650 _aRURAL PRACTICE SURVEYORS
650 _aESTATE MANAGEMENT
650 _aRURAL BUSINESSES
690 _aRURAL-FARM BUSINESS MANAGEMENT
942 _n0
999 _c73615
_d73615